[Event "EYCC 2024 - O18"]
[Site "?"]
[Date "2024.08.30"]
[Round "8.3"]
[White "Stalmach, Richard"]
[Black "Malek, Jan"]
[Result "1-0"]
[BlackElo "2482"]
[WhiteElo "2443"]
[LiveChessVersion "1.4.8"]

1. Nf3 {[%clk 1:30:56]} d5 {[%clk 1:30:55]} 2. c4 {[%clk 1:31:22]} e6
{[%clk 1:31:20]} 3. g3 {[%clk 1:31:38]} dxc4 {[%clk 1:31:09]} 4. Qa4+
{[%clk 1:31:51]} Qd7 {[%clk 1:30:44]} 5. Qxc4 {[%clk 1:32:12]} c5
{[%clk 1:31:09]} 6. Bg2 {[%clk 1:31:12]} Nc6 {[%clk 1:31:32]} 7. O-O
{[%clk 1:31:01]} Nf6 {[%clk 1:31:56]} 8. Nc3 {[%clk 1:18:32]} Be7
{[%clk 1:32:20]} 9. Rd1 {[%clk 1:18:59]} e5 {[%clk 1:32:44]} 10. e3
{[%clk 1:12:58]} Qe6 {[%clk 1:32:45]} 11. Qf1 {[%clk 1:09:46]} O-O
{[%clk 1:32:52]} 12. d4 {[%clk 1:10:13]} cxd4 {[%clk 1:31:54]} 13. exd4
{[%clk 1:10:40]} Nxd4 {[%clk 1:31:35]} 14. Nxd4 {[%clk 1:11:03]} exd4
{[%clk 1:32:01]} 15. Rxd4 {[%clk 1:11:29]} Bc5 {[%clk 1:31:39]} 16. Rc4
{[%clk 1:00:15]} b6 {[%clk 1:18:39]} 17. b4 {[%clk 0:52:11]} Ba6 {[%clk 1:17:54]}
18. b5 {[%clk 0:52:36]} Rac8 {[%clk 1:17:24]} 19. Ra4 {[%clk 0:43:48]} Ng4
{[%clk 0:52:04]} 20. Ne4 {[%clk 0:43:16]} Qe5 {[%clk 0:37:39]} 21. Rb1
{[%clk 0:26:01]} Bb7 {[%clk 0:27:19]} 22. h3 {[%clk 0:22:58]} Nxf2
{[%clk 0:20:34]} 23. Nxf2 {[%clk 0:18:04]} Bxg2 {[%clk 0:20:47]} 24. Kxg2
{[%clk 0:17:49]} Qd5+ {[%clk 0:21:16]} 25. Kh2 {[%clk 0:18:12]} Rfe8
{[%clk 0:12:59]} 26. Rb2 {[%clk 0:15:41]} h5 {[%clk 0:07:11]} 27. Qd3
{[%clk 0:16:01]} Qb7 {[%clk 0:06:21]} 28. Ne4 {[%clk 0:13:25]} Bg1+
{[%clk 0:04:48]} 29. Kxg1 {[%clk 0:13:49]} Rxc1+ {[%clk 0:05:17]} 30. Kh2
{[%clk 0:13:42]} f5 {[%clk 0:03:03]} 31. Qe3 {[%clk 0:14:06]} Qc8
{[%clk 0:02:33]} 32. Qb3+ {[%clk 0:11:32]} Kh8 {[%clk 0:03:02]} 33. Nf2
{[%clk 0:11:19]} Ree1 {[%clk 0:02:40]} 34. Qf3 {[%clk 0:09:10]} g6
{[%clk 0:02:33]} 35. Rxa7 {[%clk 0:09:27]} Qe8 {[%clk 0:01:05]} 36. Qf4
{[%clk 0:09:10]} Qf8 {[%clk 0:00:31]} 37. Qd4+ {[%clk 0:09:19]} Kg8
{[%clk 0:00:58]} 38. Qd7 {[%clk 0:09:29]} 1-0

[Event "EYCC 2024 - O18"]
[Site "?"]
[Date "2024.08.30"]
[Round "8.4"]
[White "Elmi, Saad Abobaker"]
[Black "Rozen, Eytan"]
[Result "1/2-1/2"]
[BlackElo "2478"]
[WhiteElo "2383"]
[LiveChessVersion "1.4.8"]

1. d4 {[%clk 1:30:57]} Nf6 {[%clk 1:30:17]} 2. c4 {[%clk 1:31:03]} g6
{[%clk 1:30:29]} 3. Nc3 {[%clk 1:31:27]} Bg7 {[%clk 1:30:54]} 4. e4
{[%clk 1:31:45]} d6 {[%clk 1:31:17]} 5. Be2 {[%clk 1:31:51]} O-O {[%clk 1:31:26]}
6. Be3 {[%clk 1:32:11]} c5 {[%clk 1:30:29]} 7. d5 {[%clk 1:32:25]} Qb6
{[%clk 1:30:29]} 8. Rb1 {[%clk 1:28:05]} Qa5 {[%clk 1:30:18]} 9. Bd2
{[%clk 1:25:40]} e6 {[%clk 1:30:24]} 10. Nf3 {[%clk 1:25:39]} exd5
{[%clk 1:30:16]} 11. exd5 {[%clk 1:22:14]} Qb6 {[%clk 1:26:24]} 12. b3
{[%clk 1:20:16]} Bf5 {[%clk 1:26:48]} 13. Rc1 {[%clk 1:20:32]} Ne4
{[%clk 1:26:35]} 14. Nh4 {[%clk 1:17:17]} Nxc3 {[%clk 1:22:32]} 15. Bxc3
{[%clk 1:17:31]} Bc8 {[%clk 1:17:51]} 16. Bxg7 {[%clk 1:17:38]} Kxg7
{[%clk 1:18:19]} 17. O-O {[%clk 1:17:39]} Qd8 {[%clk 1:13:17]} 18. Nf3
{[%clk 1:17:01]} Bg4 {[%clk 1:07:15]} 19. Nd4 {[%clk 1:16:27]} Bxe2
{[%clk 1:00:43]} 20. Nxe2 {[%clk 1:16:50]} Re8 {[%clk 1:00:06]} 21. Nc3
{[%clk 1:15:36]} Nd7 {[%clk 0:59:13]} 22. Re1 {[%clk 1:12:28]} Rxe1+
{[%clk 0:55:21]} 23. Qxe1 {[%clk 1:12:52]} Nf6 {[%clk 0:55:10]} 24. Qd2
{[%clk 1:10:00]} Qe7 {[%clk 0:48:05]} 25. Re1 {[%clk 1:10:02]} Qd7
{[%clk 0:48:29]} 26. Ne4 {[%clk 1:09:39]} Nxe4 {[%clk 0:40:12]} 27. Rxe4
{[%clk 1:10:03]} Re8 {[%clk 0:39:56]} 28. Qe3 {[%clk 1:08:47]} Rxe4
{[%clk 0:39:45]} 29. Qxe4 {[%clk 1:09:15]} Qd8 {[%clk 0:37:47]} 30. g3
{[%clk 1:04:48]} Qf6 {[%clk 0:35:43]} 31. Kg2 {[%clk 1:04:43]} h5
{[%clk 0:35:06]} 32. h4 {[%clk 1:03:01]} Kf8 {[%clk 0:33:08]} 33. Qe3
{[%clk 0:57:37]} Qf5 {[%clk 0:27:12]} 34. Qc3 {[%clk 0:52:20]} Qe4+
{[%clk 0:26:53]} 35. Kh2 {[%clk 0:50:13]} Qf5 {[%clk 0:25:08]} 36. Kg2
{[%clk 0:50:26]} Qe4+ {[%clk 0:24:49]} 37. Kh2 {[%clk 0:50:48]} 1/2-1/2

[Event "EYCC 2024 - O18"]
[Site "?"]
[Date "2024.08.30"]
[Round "8.5"]
[White "Karolczuk, Iwo"]
[Black "Macias Pino, Diego"]
[Result "0-1"]
[BlackElo "2477"]
[WhiteElo "2356"]
[LiveChessVersion "1.4.8"]

1. d4 {[%clk 1:30:54]} Nf6 {[%clk 1:30:57]} 2. c4 {[%clk 1:30:33]} e6
{[%clk 1:30:50]} 3. Nc3 {[%clk 1:30:34]} Bb4 {[%clk 1:31:10]} 4. Qc2
{[%clk 1:30:37]} O-O {[%clk 1:29:50]} 5. e4 {[%clk 1:30:43]} d6 {[%clk 1:26:52]}
6. Bd3 {[%clk 1:25:06]} Nc6 {[%clk 1:22:57]} 7. Nge2 {[%clk 1:23:33]} Ba5
{[%clk 1:21:59]} 8. d5 {[%clk 1:07:43]} Nb4 {[%clk 1:17:34]} 9. Qd1
{[%clk 1:07:59]} Ng4 {[%clk 1:12:59]} 10. Bf4 {[%clk 0:59:35]} e5
{[%clk 1:08:06]} 11. Bg3 {[%clk 0:58:26]} f5 {[%clk 1:07:49]} 12. exf5
{[%clk 0:55:06]} Nxd3+ {[%clk 1:07:28]} 13. Qxd3 {[%clk 0:55:23]} Bxf5
{[%clk 1:05:40]} 14. Qd2 {[%clk 0:54:20]} Bb6 {[%clk 0:59:49]} 15. O-O
{[%clk 0:43:58]} Qe8 {[%clk 0:59:03]} 16. Rae1 {[%clk 0:39:02]} Qg6
{[%clk 0:53:52]} 17. Na4 {[%clk 0:38:24]} Bd3 {[%clk 0:53:26]} 18. Nxb6
{[%clk 0:37:31]} axb6 {[%clk 0:53:53]} 19. f3 {[%clk 0:36:47]} Nf6
{[%clk 0:53:29]} 20. b3 {[%clk 0:32:57]} b5 {[%clk 0:48:54]} 21. cxb5
{[%clk 0:32:32]} Bxb5 {[%clk 0:49:15]} 22. a4 {[%clk 0:32:24]} Qd3
{[%clk 0:45:23]} 23. Qb2 {[%clk 0:28:09]} Ba6 {[%clk 0:43:56]} 24. Nc3
{[%clk 0:26:59]} Nxd5 {[%clk 0:42:20]} 25. Nxd5 {[%clk 0:27:10]} Qxd5
{[%clk 0:42:48]} 26. Rf2 {[%clk 0:27:26]} Rae8 {[%clk 0:39:09]} 27. b4
{[%clk 0:24:51]} Bc4 {[%clk 0:36:50]} 28. Qc3 {[%clk 0:24:21]} c6
{[%clk 0:33:58]} 29. Rd2 {[%clk 0:20:18]} Qe6 {[%clk 0:33:34]} 30. f4
{[%clk 0:18:10]} e4 {[%clk 0:31:27]} 31. f5 {[%clk 0:14:56]} Rxf5
{[%clk 0:31:42]} 32. Rxd6 {[%clk 0:15:01]} Qf7 {[%clk 0:31:47]} 33. h3
{[%clk 0:15:04]} Bd5 {[%clk 0:30:28]} 34. Qe3 {[%clk 0:14:56]} h6
{[%clk 0:29:21]} 35. Kh2 {[%clk 0:14:50]} Ra8 {[%clk 0:28:23]} 36. Ra1
{[%clk 0:13:48]} Kh7 {[%clk 0:26:35]} 37. Qd4 {[%clk 0:13:32]} Re8
{[%clk 0:25:22]} 38. Qe3 {[%clk 0:13:47]} Qe7 {[%clk 0:22:35]} 39. b5
{[%clk 0:12:49]} Ra8 {[%clk 0:17:37]} 40. b6 {[%clk 0:08:28]} Rf6
{[%clk 0:17:56]} 41. Rxf6 {[%clk 0:08:28]} Qxf6 {[%clk 0:18:24]} 42. Ra3
{[%clk 0:08:31]} Qe6 {[%clk 0:17:09]} 43. a5 {[%clk 0:07:38]} Bc4
{[%clk 0:16:50]} 44. Ra4 {[%clk 0:07:22]} Qd5 {[%clk 0:16:06]} 45. Qc3
{[%clk 0:06:51]} Bd3 {[%clk 0:15:45]} 46. Be5 {[%clk 0:04:43]} c5
{[%clk 0:14:18]} 47. Ra1 {[%clk 0:04:04]} e3 {[%clk 0:11:49]} 48. a6
{[%clk 0:02:31]} Bxa6 {[%clk 0:09:36]} 49. Qxe3 {[%clk 0:02:49]} Re8
{[%clk 0:09:02]} 50. Re1 {[%clk 0:03:12]} Re6 {[%clk 0:08:47]} 51. Qg3
{[%clk 0:02:15]} Rg6 {[%clk 0:09:03]} 52. Qf2 {[%clk 0:02:39]} Bd3
{[%clk 0:08:35]} 53. Bc7 {[%clk 0:02:45]} Be4 {[%clk 0:08:18]} 54. Rg1
{[%clk 0:01:52]} c4 {[%clk 0:06:01]} 55. Bf4 {[%clk 0:02:12]} c3 {[%clk 0:05:45]}
56. Be3 {[%clk 0:02:26]} c2 {[%clk 0:05:34]} 57. Qe2 {[%clk 0:02:38]} Qe5+
{[%clk 0:05:03]} 58. g3 {[%clk 0:02:17]} Rf6 {[%clk 0:04:30]} 59. Rf1
{[%clk 0:02:44]} Re6 {[%clk 0:03:32]} 60. Re1 {[%clk 0:02:54]} Bg6
{[%clk 0:03:06]} 61. Qd2 {[%clk 0:02:43]} Rd6 {[%clk 0:03:23]} 62. Qf2
{[%clk 0:02:59]} Rd1 {[%clk 0:03:27]} 63. Qe2 {[%clk 0:02:14]} c1=Q
{[%clk 0:03:11]} 64. Bxc1 {[%clk 0:02:25]} Rxe1 {[%clk 0:03:35]} 65. Bg5
{[%clk 0:02:48]} Qxe2# {[%clk 0:04:00]} 0-1

[Event "EYCC 2024 - O18"]
[Site "?"]
[Date "2024.08.30"]
[Round "8.12"]
[White "Slagboom, Leandro"]
[Black "Hak, David"]
[Result "1/2-1/2"]
[BlackElo "2239"]
[WhiteElo "2331"]
[LiveChessVersion "1.4.8"]

1. e4 {[%clk 1:30:57]} c5 {[%clk 1:30:54]} 2. Nf3 {[%clk 1:31:20]} Nc6
{[%clk 1:31:19]} 3. d4 {[%clk 1:31:44]} cxd4 {[%clk 1:31:44]} 4. Nxd4
{[%clk 1:32:07]} g6 {[%clk 1:32:10]} 5. c4 {[%clk 1:32:06]} Nf6 {[%clk 1:32:32]}
6. Nc3 {[%clk 1:32:03]} d6 {[%clk 1:32:57]} 7. f3 {[%clk 1:30:55]} Nxd4
{[%clk 1:30:27]} 8. Qxd4 {[%clk 1:31:18]} Bg7 {[%clk 1:30:46]} 9. Be3
{[%clk 1:31:38]} O-O {[%clk 1:30:39]} 10. Qd2 {[%clk 1:32:04]} Qa5
{[%clk 1:13:10]} 11. Rc1 {[%clk 1:31:49]} Be6 {[%clk 1:12:26]} 12. b3
{[%clk 1:31:39]} a6 {[%clk 1:10:56]} 13. Nd5 {[%clk 1:28:19]} Qxd2+
{[%clk 1:10:27]} 14. Kxd2 {[%clk 1:28:42]} Bxd5 {[%clk 1:09:55]} 15. cxd5
{[%clk 1:28:19]} Rac8 {[%clk 0:54:08]} 16. Be2 {[%clk 1:19:11]} Nd7
{[%clk 0:54:22]} 17. b4 {[%clk 1:10:24]} Bb2 {[%clk 0:51:12]} 18. Rc2
{[%clk 0:58:47]} Rxc2+ {[%clk 0:51:37]} 19. Kxc2 {[%clk 0:59:12]} Be5
{[%clk 0:51:58]} 20. f4 {[%clk 0:56:30]} Rc8+ {[%clk 0:52:00]} 21. Kb1
{[%clk 0:51:36]} Bg7 {[%clk 0:48:03]} 22. Rc1 {[%clk 0:50:35]} Rxc1+
{[%clk 0:47:32]} 23. Kxc1 {[%clk 0:50:42]} Kf8 {[%clk 0:40:34]} 24. g4
{[%clk 0:48:30]} Bc3 {[%clk 0:28:00]} 25. a3 {[%clk 0:42:36]} a5 {[%clk 0:27:47]}
26. bxa5 {[%clk 0:41:55]} Bxa5 {[%clk 0:28:09]} 27. g5 {[%clk 0:41:00]} Bb6
{[%clk 0:14:43]} 28. Bxb6 {[%clk 0:40:53]} Nxb6 {[%clk 0:13:32]} 29. Bb5
{[%clk 0:40:35]} e6 {[%clk 0:12:48]} 30. dxe6 {[%clk 0:40:34]} fxe6
{[%clk 0:13:09]} 31. Kd2 {[%clk 0:40:44]} Ke7 {[%clk 0:07:30]} 32. Ke3
{[%clk 0:40:21]} Nd7 {[%clk 0:05:54]} 33. h4 {[%clk 0:40:13]} Nc5
{[%clk 0:05:49]} 34. Be2 {[%clk 0:39:45]} e5 {[%clk 0:02:39]} 35. f5
{[%clk 0:39:08]} gxf5 {[%clk 0:02:51]} 36. exf5 {[%clk 0:39:37]} d5
{[%clk 0:03:11]} 37. h5 {[%clk 0:37:45]} d4+ {[%clk 0:03:20]} 38. Kf3
{[%clk 0:37:55]} h6 {[%clk 0:01:43]} 39. f6+ {[%clk 0:37:31]} Ke6
{[%clk 0:00:52]} 40. Bc4+ {[%clk 0:36:25]} Kf5 {[%clk 0:01:21]} 41. f7
{[%clk 0:36:25]} Nd7 {[%clk 0:01:50]} 42. gxh6 {[%clk 0:35:51]} e4+
{[%clk 0:01:40]} 43. Ke2 {[%clk 0:32:05]} Nf8 {[%clk 0:01:59]} 44. Kd2
{[%clk 0:32:00]} b6 {[%clk 0:01:43]} 45. Bd5 {[%clk 0:32:10]} Ke5
{[%clk 0:01:45]} 46. Bc6 {[%clk 0:32:30]} Kf4 {[%clk 0:01:21]} 47. Bb7
{[%clk 0:30:20]} Nh7 {[%clk 0:01:33]} 48. Bc6 {[%clk 0:27:58]} 1/2-1/2

[Event "EYCC 2024 - O18"]
[Site "?"]
[Date "2024.08.30"]
[Round "8.17"]
[White "Klimkowski, Jan"]
[Black "Fishchuk, Vladyslav"]
[Result "0-1"]
[BlackElo "2264"]
[WhiteElo "2508"]
[LiveChessVersion "1.4.8"]

1. c4 {[%clk 1:30:58]} e5 {[%clk 1:30:48]} 2. Nc3 {[%clk 1:30:58]} Nf6
{[%clk 1:31:15]} 3. Nf3 {[%clk 1:31:44]} e4 {[%clk 1:31:38]} 4. Ng5
{[%clk 1:32:06]} c6 {[%clk 1:31:52]} 5. Qa4 {[%clk 1:32:03]} Qe7 {[%clk 1:31:24]}
6. Qc2 {[%clk 1:32:05]} b5 {[%clk 1:30:39]} 7. cxb5 {[%clk 1:31:54]} d5
{[%clk 1:30:23]} 8. e3 {[%clk 1:31:51]} Qe5 {[%clk 1:28:29]} 9. f4
{[%clk 1:31:40]} Qc7 {[%clk 1:28:01]} 10. b3 {[%clk 1:31:08]} h6 {[%clk 1:20:38]}
11. Nh3 {[%clk 1:31:19]} a6 {[%clk 1:19:13]} 12. b6 {[%clk 1:28:04]} Qxb6
{[%clk 1:18:46]} 13. Bb2 {[%clk 1:28:13]} Be7 {[%clk 1:16:29]} 14. Na4
{[%clk 1:24:40]} Qd8 {[%clk 1:13:46]} 15. Nf2 {[%clk 1:15:18]} O-O
{[%clk 1:11:59]} 16. Be2 {[%clk 1:10:57]} a5 {[%clk 1:10:41]} 17. O-O
{[%clk 1:07:52]} Ba6 {[%clk 1:08:03]} 18. Bxa6 {[%clk 1:06:36]} Rxa6
{[%clk 1:07:41]} 19. d3 {[%clk 1:05:20]} exd3 {[%clk 1:06:46]} 20. Qxd3
{[%clk 1:05:37]} Ra8 {[%clk 1:03:22]} 21. Rac1 {[%clk 0:55:04]} Na6
{[%clk 1:02:27]} 22. Rfd1 {[%clk 0:52:30]} Qc7 {[%clk 0:58:35]} 23. Qf5
{[%clk 0:45:16]} Rfe8 {[%clk 0:50:11]} 24. Nd3 {[%clk 0:34:39]} Nd7
{[%clk 0:46:34]} 25. Ne5 {[%clk 0:23:10]} Nxe5 {[%clk 0:46:57]} 26. Bxe5
{[%clk 0:22:10]} Qb7 {[%clk 0:45:23]} 27. e4 {[%clk 0:19:17]} Nb4
{[%clk 0:37:22]} 28. exd5 {[%clk 0:19:30]} Nxd5 {[%clk 0:37:39]} 29. Rd3
{[%clk 0:15:49]} Bf6 {[%clk 0:36:23]} 30. Re1 {[%clk 0:09:11]} Qb4
{[%clk 0:32:07]} 31. Rf1 {[%clk 0:06:45]} Qe7 {[%clk 0:21:40]} 32. Bxf6
{[%clk 0:06:05]} Nxf6 {[%clk 0:22:03]} 33. h3 {[%clk 0:04:37]} Nd5
{[%clk 0:21:22]} 34. Qh5 {[%clk 0:03:25]} Rad8 {[%clk 0:19:37]} 35. Rg3
{[%clk 0:02:46]} Qf6 {[%clk 0:18:54]} 36. Kh2 {[%clk 0:02:00]} Ne3
{[%clk 0:18:04]} 37. Rc1 {[%clk 0:01:49]} Qxf4 {[%clk 0:16:02]} 38. Qf3
{[%clk 0:02:18]} Nxg2 {[%clk 0:14:29]} 39. Rg1 {[%clk 0:01:31]} Qxf3
{[%clk 0:13:58]} 40. Rxf3 {[%clk 0:02:00]} Nh4 {[%clk 0:14:12]} 41. Rf2
{[%clk 0:02:26]} Re3 {[%clk 0:12:39]} 42. Rg3 {[%clk 0:02:25]} Rdd3
{[%clk 0:12:52]} 43. Rxe3 {[%clk 0:02:51]} Rxe3 {[%clk 0:13:20]} 44. Rc2
{[%clk 0:03:11]} Nf3+ {[%clk 0:12:31]} 45. Kh1 {[%clk 0:03:27]} g5
{[%clk 0:10:34]} 46. Rxc6 {[%clk 0:03:38]} Re2 {[%clk 0:10:57]} 0-1